01225nam a2200277 a 4500001001000000003000900010005001700019008002900036020001500065040002500080082003500105100002800140245011100168250001100279260004500290300002100335504003200356505031800388650003500706650002200741650003700763650004500800650003300845651003700878700003200915000022583DO-SdBNP20240219113411.0101013s1998 dr 000 0 spa d a8489539871 aDO-SdBNPbspacBPMSU 4a306.362097293bF825n, 19982221 aFranco, Franklin J. d 14aLos negros, los mulatos y la Nación Dominicana/cFranklin J. Franco; prólogo Juan I Jimenes Grullón  a9a ed. aSanto Domingo :bArte Gráfica ,c1998. a199 p. ;c25 cm. aBibliografía : p. 195-1990 aNotación preliminar-- La introducción de esclavos y sus incidencias -- Procedencia, castas, denominaciones, culturas-- Los negros a través de las ordenanzas locales y de las cédulas reales-- La Iglesia -- Alzamientos y rebeliones -- Los negros fugitivos de accidente -- Tres siglos de vinculación negra. 4aEsclavitud e iglesiaxHistoria 4aTrata de esclavos 4aNegrosxVida social y costumbres 4aNegroszRepública DominicanaxHistoria 4aAbolición de la esclavitud 4aRepública DominicanaxHistoria1 a Jimenes Grullón, Juan I